F1 Allgemeinwissen III - Statistiken

Allgemein
  • Dieses Quiz wurde 570 mal gespielt
  • Das Durchschnittsergebnis liegt bei 12 aus 15
Antwortstatistiken
Frage Antwort % Korrekt
Bei welchem Team fährt Max Verstappen 2023? Red Bull Racing
100%
Wie viele Teams gibt es 2023 auf dem Grid? 10
96%
Wie viele Fahrer von 2023 sind aus Frankreich? 2
93%
Wo soll 2023 das letzte Saisonrennen stattfinden? Abu Dhabi
92%
Auf welchem Kontinent sind in der 2023 Saison am meisten Rennen? Europa
92%
Wie viele Fahrer blieben 2021 ohne Punkte (Kubica ausgenommen)? 2
90%
In welchem Jahr gewann Sebastian Vettel sein erstes Rennen? 2008
89%
Wer ist beim Ungarn GP Rekordsieger? Lewis Hamilton
86%
Wer hat Abu Dhabi 2020 gewonnen? Max Verstappen
86%
Bei welchem Team fahren beide? Alpine
85%
Wann fand der Aserbaidschan GP das erste mal statt? 2017
81%
Wie viele Runden gibt es beim Monaco GP? 78
81%
Wo gewann er es? Monza
66%
Warum ist Hamilton in Malaysia 2016 DNF? Motorschaden
50%
Wo holte Sebastian Vettel seinen ersten Rennsieg für Ferrari? Malaysia
49%
Keine übereinstimmenden Quizze gefunden
Verteilung der Resultate
Anzahl Personen mit jedem Resultat
Perzentil nach korrekt beantworteten Fragen
Ihre Resultats-Entwicklung
Sie haben dieses Quiz noch nicht gespielt